Iglesia y estado en el socialismo tropical: entre la cooptación, la reforma y la reconquista /
En este se analiza un análisis de las implicaciones de la visita del papa a Cuba, la cual constituye una actividad pastoral, impacto en la comunidad cubana, papel de los medios de comunicación, aumento la actividad religiosa, participación política, dando paso a la apertura del debate en cuanto a la...
Guardado en:
| Hovedforfatter: | |
|---|---|
| Format: | Texto |
| Fag: | |
| Tags: |
Tilføj Tag
Ingen Tags, Vær først til at tagge denne postø!
|
MARC
| LEADER | 00000 a a2200000 04500 | ||
|---|---|---|---|
| 001 | 44135 | ||
| 003 | |||
| 040 | |||
| 100 | |a Optenhögel, Uwe | ||
| 245 | |a Iglesia y estado en el socialismo tropical: |b entre la cooptación, la reforma y la reconquista / |c Uwe Optenhögel | ||
| 520 | |a En este se analiza un análisis de las implicaciones de la visita del papa a Cuba, la cual constituye una actividad pastoral, impacto en la comunidad cubana, papel de los medios de comunicación, aumento la actividad religiosa, participación política, dando paso a la apertura del debate en cuanto a la espiritualidad y religión. Generando un proyecto compartido entre el Gobierno y la Iglesia. | ||
| 590 | |a SJB/NOVIEMBRE2012 | ||
| 650 | |a ALIANZAS | ||
| 650 | |a IGLESIA CATOLICA | ||
| 650 | |a SOCIALISMO | ||
| 650 | |a CAMBIO SOCIAL | ||
| 650 | |a CUBA | ||
| 773 | |g número239 (2012), páginas 4-10 | ||
| 999 | |c 23534 |d 23534 | ||
